Most Famous People by First Name #2 - Statistics

General Stats
  • This quiz has been taken 299 times
    294 since last reset
  • The average score is 11 of 60
Answer Stats
Answer % Correct
Putin
89%
Marx
80%
the Terrible
73%
Sebastian Bach
67%
the Great
58%
Einstein
56%
Luther King
46%
Luther
45%
I
43%
Lenin
39%
VII
37%
Bale
35%
Pratt
34%
Cruise
31%
Hanks
28%
Twain
28%
Evans
27%
Curie
24%
Strauss II
24%
Pine
20%
Zuckerberg
19%
Holland
17%
Vivaldi
16%
Van Buren
15%
Wahlberg
13%
Camus
11%
Jung
10%
Kournikova
10%
Scott
10%
Hus
8%
Pavlov
8%
Nabokov
7%
Sibelius
7%
Jenner
6%
W. von Goethe
6%
Benz
4%
Linnaeus
4%
van Eyck
4%
Slim
3%
Cocteau
2%
de Coubertin
2%
Friedrich Gauss
2%
Guterres
2%
Snowden
2%
de Fermat
1%
Gropius
1%
Piaget
1%
Sanger
1%
Tevez
1%
Akhmatova
0%
Alazraqui
0%
A. Michelson
0%
Bunin
0%
Doppler
0%
Ferdinand Braun
0%
Gramsci
0%
Houser Brattain
0%
Netrebko
0%
Peter Balkenende
0%
Wulff
0%
No matching quizzes found
Score Distribution
Percent of People with Each Score
Percentile by Number Answered
Your Score History
You have not taken this quiz since the last reset